Reden und Schriften / (Record no. 157177)

MARC details
000 -LEADER
campo de control de longitud fija 00669nam a22001815i 4500
001 - NÚMERO DE CONTROL
campo de control 157177
003 - IDENTIFICADOR DE NÚMERO DE CONTROL
campo de control ES-MaACL
005 - FECHA Y HORA DE LA ÚLTIMA TRANSACCIÓN
campo de control 20230906210616.0
008 - DATOS DE LONGITUD FIJA--INFORMACIÓN GENERAL
campo de control de longitud fija 040806m18921893gw |||| | ger d
040 ## - FUENTE DE CATALOGACIÓN
Centro catalogador/agencia de origen CAM
Lengua de catalogación spa
Centro/agencia transcriptor CAM
100 1# - ENTRADA PRINCIPAL--NOMBRE DE PERSONA
Nombre de persona Lassalle, Ferdinand.
9 (RLIN) 128724
245 10 - MENCIÓN DEL TÍTULO
Título Reden und Schriften /
Mención de responsabilidad, etc. Ferd. Lassalle's.
250 ## - MENCION DE EDICION
Mención de edición Neue Gesammt-Ausgabe
Resto de la mención de edición mit einer biographischen Einleitung herausgegeben von Ed. Bernstein.
260 ## - PUBLICACIÓN, DISTRIBUCIÓN, ETC.
Lugar de publicación, distribución, etc. Berlin :
Nombre del editor, distribuidor, etc. Verlag derExpedition des "Dorwärts" Berliner Volksblatt.
300 ## - DESCRIPCIÓN FÍSICA
Extensión 3 v. (550; 959; 857 p.) ;
Dimensiones 20 cm.
700 11 - ENTRADA AGREGADA--NOMBRE PERSONAL
Nombre de persona Berstein, Ed.,
Término indicativo de función/relación
9 (RLIN) 125959
852 ## - LOCALIZACIÓN
Ubicación ES-MaACL
Número de control de estantería G-1016-1018
Nota libre -- Enc. tela grabada
Holdings
Estatus retirado Estado de pérdida Estado de daño No para préstamo Biblioteca de origen Biblioteca actual Ubicación en estantería Fecha de adquisición Fuente de adquisición Total de préstamos Signatura topográfica completa Código de barras Visto por última vez Precio de reemplazo Tipo de ítem Koha
        Biblioteca del Ateneo de Madrid Biblioteca del Ateneo de Madrid Depósito 2 17/01/2008     G-1016-1018 1164454 23/02/2023 23/02/2023 Libro impreso